[Event "Zaragoza op"]
[Site "Zaragoza"]
[Date "1993.??.??"]
[Round "?"]
[White "Etchegaray, Patrice"]
[Black "Veingold, Aleksandr"]
[Result "0-1"]
[WhiteElo "2410"]
[BlackElo "2465"]

1.d4 Nf6 2.c4 e6 3.Nc3 Bb4 4.Qc2 O-O 5.a3 Bxc3+ 6.Qxc3 b6 7.Bg5 Bb7 8.f3 h6
9.Bh4 d5 10.e3 Nbd7 11.Nh3 Rc8 12.c5 bxc5 13.dxc5 c6 14.Bg3 Ra8 15.Bd6 Re8
16.Nf2 a5 17.Bd3 a4 18.O-O Ba6 19.Bxa6 Rxa6 20.Nd3 Ra8 21.Nb4 Qc8 22.Rfb1 e5
23.b3 Re6 24.Nd3 e4 25.Nf4 Re8 26.b4 Qa6 27.Kf2 exf3 28.gxf3 Re4 29.Rg1 Rae8
30.Rxg7+ Kxg7 31.fxe4 Kh7 32.Qc2 Nxe4+ 33.Kf3 Nf6 34.Qd3 Qc8 35.Rg1 Qf5 36.Ke2 Ng4
37.h3 Nxe3 38.Qd4 Ng5  0-1

[Event "Zaragoza op"]
[Site "Zaragoza"]
[Date "1993.??.??"]
[Round "?"]
[White "Nicoara Etchegaray, Malina"]
[Black "Langeweg, Kick"]
[Result "1/2-1/2"]
[WhiteElo "2140"]
[BlackElo "2380"]

1.d4 Nf6 2.c4 e6 3.Nc3 Bb4 4.Qc2 O-O 5.a3 Bxc3+ 6.Qxc3 b6 7.Bg5 c5 8.dxc5 bxc5
9.e3 a5 10.f3 d6 11.Bd3 Nbd7 12.Ne2 Qb6 13.O-O h6 14.Bh4 Ba6 15.Rfd1 d5 16.Rd2 e5
17.Qc2 d4 18.Bf2 Bb7 19.Re1 a4 20.Ng3 Rfe8 21.Rde2 Bc6 22.exd4 cxd4 23.Nf5 Re6
24.Kh1 Rae8 25.Ng3 Nc5 26.Bf5 Nfd7 27.Bxe6 Rxe6 28.Rd2 Qb7 29.Kg1 g6 30.Qd1 Qb8
31.Rde2 Ba8 32.Qd2 Kh7 33.Nf1 Qb7 34.Bg3 Nb3 35.Qc2 f6 36.Nd2 Nbc5 37.Qb1 Qa6
38.Bf2 Qd6 39.Rd1 Qc6 40.Nf1 Kg7 41.Nd2 Qb7 42.Ne4 Nxe4 43.Rxe4 Nc5 44.Re2  1/2-1/2

[Event "Alcobendas op"]
[Site "Alcobendas"]
[Date "1994.??.??"]
[Round "8"]
[White "Vera, Reynaldo"]
[Black "Pogorelov, Ruslan"]
[Result "1/2-1/2"]
[WhiteElo "2485"]
[BlackElo "2415"]

1.d4 Nf6 2.c4 e6 3.Nc3 Bb4 4.Qc2 O-O 5.a3 Bxc3+ 6.Qxc3 b6 7.Bg5 Bb7 8.e3 d6
9.f3 Nbd7 10.Nh3 h6 11.Bh4 Re8 12.Be2 e5 13.O-O Qe7 14.dxe5 dxe5 15.Rad1 Nf8
16.Bd3 g5 17.Bg3 e4 18.fxe4 Nxe4 19.Bxe4 Qxe4 20.Rd2 Qxe3+ 21.Qxe3 Rxe3 22.Nf2 h5
23.Nh3 Ne6 24.Rf5 f6 25.Rxf6 Rf8 26.Rxf8+ Kxf8 27.Nxg5 Nxg5 28.Bf4 Re1+ 29.Kf2 Ne4+
30.Kxe1 Nxd2 31.Kxd2 Bxg2 32.Bxc7 Ke8 33.Bb8  1/2-1/2

[Event "Andorra op"]
[Site "Andorra"]
[Date "1994.??.??"]
[Round "7"]
[White "Eslon, Jaan"]
[Black "Cuadras, Jorge"]
[Result "0-1"]
[WhiteElo "2435"]
[BlackElo "2280"]

1.d4 Nf6 2.c4 e6 3.Nc3 Bb4 4.Qc2 O-O 5.Nf3 b6 6.Bg5 Bb7 7.e3 d6 8.Bd3 h6
9.Bh4 Nbd7 10.O-O Bxc3 11.bxc3 c5 12.Nd2 Rc8 13.Qd1 Re8 14.f4 d5 15.Rc1 Rc7
16.e4 dxe4 17.Bxe4 Qa8 18.Bxb7 Qxb7 19.Qe2 Qa6 20.Nf3 cxd4 21.cxd4 Rec8 22.f5 exf5
23.Bg3 Re8 24.Qd3 Rcc8 25.d5 g6 26.Nd4 Ne4 27.Bf4 Ne5 28.Bxe5 Rxe5 29.Qe3 Rxc4
30.Nc6 Rxc1 31.Rxc1 Re8 32.Qxh6 Qa3 33.h3 g5 34.Rc2 Qe3+ 35.Kh2 Ng3 36.Qf6 Nh5
37.Qd4 Qg3+  0-1

[Event "AUT-chT2W 9495"]
[Site "Austria"]
[Date "1994.??.??"]
[Round "?.5"]
[White "Blocher, Edgar"]
[Black "Mrsic, Robert"]
[Result "1-0"]
[WhiteElo "1740"]
[BlackElo "1865"]

1.d4 Nf6 2.c4 e6 3.Nc3 Bb4 4.Qc2 O-O 5.Bg5 h6 6.h4 d5 7.e3 hxg5 8.hxg5 Ne4
9.cxd5 exd5 10.f3 Nxg5 11.g4 g6 12.Qh2 Qf6 13.f4 Bxg4 14.fxg5 Qg7 15.Bd3 c5
16.Qf4 Bh5 17.Ne2 Bxe2 18.Kxe2 Bxc3 19.bxc3 cxd4 20.cxd4 Nc6 21.Rh6 Rfe8
22.Kd2 Na5 23.Rah1 Nc4+ 24.Bxc4 Re4 25.Qf6  1-0

[Event "AUT-chT"]
[Site "?"]
[Date "1994.??.??"]
[Round "?"]
[White "Chernin, Alexander"]
[Black "Farago, Ivan"]
[Result "1/2-1/2"]
[WhiteElo "2615"]
[BlackElo "2540"]

1.d4 e6 2.c4 Nf6 3.Nc3 Bb4 4.Qc2 O-O 5.a3 Bxc3+ 6.Qxc3 b6 7.Bg5 Bb7 8.Nh3 h6
9.Bh4 d5 10.cxd5 exd5 11.e3 c5 12.Bd3 g5 13.Bg3 cxd4 14.Qxd4 Nc6 15.Qa4 d4
16.O-O Qd5 17.Rfd1 Ne5 18.Bf1 Nf3+ 19.Kh1 Ne4 20.Qb5 Qxb5 21.Bxb5 dxe3 22.fxe3 Nxg3+
23.hxg3 Ne5 24.Nf2 Rac8 25.Rac1 Rxc1  1/2-1/2

[Event "AUT-chT"]
[Site "?"]
[Date "1994.??.??"]
[Round "?"]
[White "Chernin, Alexander"]
[Black "Horvath, Jozsef"]
[Result "1/2-1/2"]
[WhiteElo "2615"]
[BlackElo "2545"]

1.d4 Nf6 2.c4 e6 3.Nc3 Bb4 4.Qc2 O-O 5.a3 Bxc3+ 6.Qxc3 b6 7.Bg5 c5 8.dxc5 bxc5
9.e3 Nc6 10.Bd3 Rb8 11.Nf3 h6 12.Bh4 d6 13.O-O g5 14.Bg3 e5 15.Nd2 Nh5 16.Be4 Ne7
17.f4 f5 18.Bf3 g4 19.Bd1 exf4 20.Bxf4 Nxf4 21.Rxf4 Ng6 22.Rf2 Qf6 23.Qxf6 Rxf6
24.b4 Kg7 25.Bc2 Bd7 26.Nf1 f4 27.Rd1 Bf5 28.Bxf5 Rxf5 29.Rb2 Rb6 30.exf4 Nxf4
31.Ng3 Re5 32.Rf2 Ng6  1/2-1/2

[Event "AUT-chT"]
[Site "?"]
[Date "1994.??.??"]
[Round "?"]
[White "Beck, Hartmuth"]
[Black "Weiss, Christian"]
[Result "1-0"]
[WhiteElo "2285"]
[BlackElo "2225"]

1.d4 Nf6 2.c4 e6 3.Nc3 Bb4 4.Qc2 O-O 5.Nf3 d5 6.cxd5 exd5 7.Bg5 c6 8.e3 Nbd7
9.Bd3 h6 10.Bh4 Qe8 11.O-O Bxc3 12.bxc3 Ne4 13.c4 Nb6 14.cxd5 cxd5 15.Qc7 g5
16.Bg3 Bf5 17.Bxe4 dxe4 18.Nd2 Qc8 19.Rfc1 Re8 20.h4 Qd7 21.hxg5 hxg5 22.Qc5 Na4
23.Qa3 b5 24.Rc7 Qd5 25.Rac1 a6 26.R1c6 Be6 27.Nb3 Rac8 28.Rxc8 Bxc8 29.Qc1 Be6
30.Be5 b4 31.Rd6 Qc4 32.Qd1 g4 33.Nd2 Qxa2 34.Nxe4 Nc3 35.Nf6+  1-0

[Event "AUT-chT2S 9394"]
[Site "AUT"]
[Date "1994.??.??"]
[Round "?"]
[White "Tabernig, Bernhard"]
[Black "Titz, Heimo"]
[Result "1/2-1/2"]
[WhiteElo "2290"]
[BlackElo "2260"]

1.d4 Nf6 2.c4 e6 3.Nc3 Bb4 4.Qc2 O-O 5.Bg5 c5 6.dxc5 Qa5 7.Bd2 Na6 8.Nf3 Nxc5
9.e3 d6 10.Be2 e5 11.O-O Bg4 12.a3 Bxc3 13.Bxc3 Qa4 14.Rac1 Qxc2 15.Rxc2 Bf5
16.Rcc1 Nb3 17.Rcd1 Rfd8 18.Bb4 Ne8 19.Bd3 Be6 20.Ng5 a5 21.Bc3 Nf6 22.Nxe6 fxe6
23.Bc2 Nc5 24.f3 a4 25.Rf2 Kf7 26.Rfd2 Ke7 27.g4 h6 28.Kg2 e4 29.Bxf6+ gxf6
30.Bxe4 Nxe4 31.fxe4 Rac8 32.Rc1 Rc5 33.Rc3 h5 34.h3 hxg4 35.hxg4 Rg5 36.Kf3 Rh8
37.Rcd3 Rh3+ 38.Kg2 Rh4 39.Rxd6 Rhxg4+ 40.Kf3 Rg3+ 41.Ke2 Rg2+ 42.Kd1 Rxd2+
43.Rxd2 Rg4 44.Kc2 Rxe4 45.Kd3 f5 46.b3 Rh4 47.bxa4 Rh3 48.Rb2 f4 49.Rxb7+ Kd6
50.Rb6+ Kd7 51.Ke4 fxe3 52.Rb2 Kd6 53.Re2 Kc5 54.Kd3 e5 55.a5 e4+ 56.Kc3 Rh1
57.a6 Rh6 58.Rg2 e2 59.Rxe2 Rxa6 60.Rxe4 Rxa3+ 61.Kb2  1/2-1/2

[Event "AUT-chT2S 9394"]
[Site "AUT"]
[Date "1994.??.??"]
[Round "?"]
[White "Lazarev, Vladimir"]
[Black "Horvath, Sandor"]
[Result "1/2-1/2"]
[WhiteElo "2440"]
[BlackElo "2325"]

1.d4 Nf6 2.c4 e6 3.Nc3 Bb4 4.Qc2 O-O 5.a3 Bxc3+ 6.Qxc3 b6 7.Bg5 c5 8.dxc5 bxc5
9.Nf3 Nc6 10.e3 Qa5 11.Qxa5 Nxa5 12.Nd2 d5 13.cxd5 exd5 14.Rc1 c4 15.Bf4 Bf5
16.f3 Rac8 17.g4 Be6 18.Be2 Rfd8 19.Kf2 Nd7 20.Bd6 Nb7 21.Bf4 Ndc5 22.Be5 Na5
23.Bc3  1/2-1/2

[Event "AUT-chT2S 9394"]
[Site "AUT"]
[Date "1994.??.??"]
[Round "?"]
[White "Grillitsch, Karl"]
[Black "Titz, Heimo"]
[Result "1/2-1/2"]
[WhiteElo "2270"]
[BlackElo "2290"]

1.d4 Nf6 2.c4 e6 3.Nc3 Bb4 4.Qc2 O-O 5.a3 Bxc3+ 6.Qxc3 b6 7.Nf3 Bb7 8.g3 d6
9.Bg2 Nbd7 10.O-O c5 11.b4 Qc7 12.Bb2 Rac8 13.Rac1 cxd4 14.Qxd4 Rfd8 15.Rfd1 Nf8
16.Qe3 Qe7 17.Nd4 Ng6 18.Nf5 exf5 19.Qxe7 Nxe7 20.Bxb7 Rc7 21.Bxf6 Rxb7 22.Bxe7 Rxe7
23.c5 bxc5 24.bxc5 d5 25.c6 g6 26.Rc5 Rc7 27.Rdxd5  1/2-1/2

[Event "Balatonbereny op"]
[Site "Balatonbereny"]
[Date "1994.??.??"]
[Round "5"]
[White "Molnar, L."]
[Black "Zsinka, Laszlo"]
[Result "1/2-1/2"]
[WhiteElo "2260"]
[BlackElo "2360"]

1.d4 Nf6 2.c4 e6 3.Nc3 Bb4 4.Qc2 O-O 5.Nf3 c5 6.dxc5 Na6 7.g3 Nxc5 8.Bg2 Nce4
9.O-O Nxc3 10.bxc3 Bc5 11.e4 d6 12.Nd4 e5 13.Nf5 Be6 14.Qe2 Rc8 15.Be3 Bxe3
16.Qxe3 Rxc4 17.Qxa7 d5 18.Ne3 Rxe4 19.Rfd1 Qd7 20.Rab1 Ra4 21.Qxb7 Qxb7
22.Rxb7 d4 23.cxd4 exd4 24.Nc2 d3 25.Nb4 Bc4 26.Nxd3 Rxa2 27.Rb2  1/2-1/2

[Event "Balatonbereny op"]
[Site "Balatonbereny"]
[Date "1994.??.??"]
[Round "7"]
[White "Skomorokhin, Roman"]
[Black "Barlov, Dragan"]
[Result "0-1"]
[WhiteElo "2425"]
[BlackElo "2475"]

1.d4 Nf6 2.c4 e6 3.Nc3 Bb4 4.Qc2 O-O 5.a3 Bxc3+ 6.Qxc3 b6 7.Bg5 Bb7 8.f3 d6
9.e4 c5 10.dxc5 bxc5 11.Nh3 Nc6 12.Bd3 a5 13.f4 h6 14.Bxf6 Qxf6 15.Qxf6 gxf6
16.O-O-O Rfd8 17.Nf2 Nd4 18.Rhe1 Kf8 19.Ng4 Ke7 20.Nxh6 Rh8 21.Ng4 f5 22.exf5 Bxg2
23.fxe6 fxe6 24.Rg1 Bf3 25.Rde1 Raf8 26.Ne3 Rxf4 27.Rg7+ Rf7 28.Rxf7+ Kxf7
29.Nc2 Nb3+ 30.Kb1 Rxh2 31.Ka2 a4 32.Ne3 Nd4 33.Rf1 Ke7 34.Nd1 Rd2 35.Nf2 Bg2  0-1

[Event "Berliner Sommer"]
[Site "Berlin"]
[Date "1994.??.??"]
[Round "?"]
[White "Korkina, Svetlana"]
[Black "Vasilchenko, Oleg"]
[Result "1/2-1/2"]
[WhiteElo "2255"]
[BlackElo "2435"]

1.d4 Nf6 2.c4 e6 3.Nc3 Bb4 4.Qc2 O-O 5.Bg5 d5 6.e3 b6 7.f3 Nbd7 8.cxd5 exd5
9.Bd3 h6 10.Bh4 Re8 11.Bf2 c5 12.Ne2 cxd4 13.exd4 Nf8 14.O-O a6 15.Qb3 Bd6
16.Ng3 Ra7 17.Na4 Bc7 18.Rae1 Ne6 19.Bb1 Nf4 20.Rxe8+ Nxe8 21.Qc2 g6 22.Be3 Qd6
23.Re1 Ng7 24.Qd2 Be6 25.Nc3 Ra8 26.Kh1 h5 27.Nge4 dxe4 28.Nxe4 Qd8 29.Bxf4 Bxf4
30.Qxf4 Bf5 31.Qe5 Bxe4 32.fxe4 Qh4 33.Rf1 Rf8 34.d5 Qg4 35.Bd3 b5 36.a4 bxa4
37.Bxa6 h4 38.Bb5 h3 39.gxh3 Qxh3 40.Qg3 Qc8 41.Qg2 Qa8 42.Bc6 Qa6 43.Ra1 Qc4
44.Bxa4 Ra8 45.b3 Qxb3 46.Bxb3 Rxa1+ 47.Qg1 Rxg1+ 48.Kxg1 f6 49.Kf2 Kf7 50.d6+ Ke8
51.Ba4+ Kf7 52.Bb3+ Ke8 53.Ba4+  1/2-1/2

[Event "Berliner Sommer"]
[Site "Berlin"]
[Date "1994.??.??"]
[Round "?"]
[White "Timoshchenko, Gennadi A"]
[Black "Kruszynski, Wlodzimierz"]
[Result "1-0"]
[WhiteElo "2515"]
[BlackElo "2375"]

1.d4 Nf6 2.c4 e6 3.Nc3 Bb4 4.Qc2 O-O 5.a3 Bxc3+ 6.Qxc3 b6 7.Bg5 Bb7 8.f3 h6
9.Bh4 d5 10.e3 Nbd7 11.Rc1 Qe7 12.cxd5 exd5 13.Bb5 c6 14.Ba4 Rfe8 15.Bf2 Rac8
16.Qd3 c5 17.Ne2 cxd4 18.Rxc8 Rxc8 19.exd4 Rc1+ 20.Bd1 Nb8 21.Qe3 Qxe3 22.Bxe3 Rb1
23.Nc3 Rxb2 24.Rg1 Bc6 25.Bc1 Rb5 26.Bf4 Ra5 27.Bxb8 Rxa3 28.Kd2  1-0

[Event "Biel op"]
[Site "Biel"]
[Date "1994.??.??"]
[Round "1"]
[White "Timoshchenko, Gennadi A"]
[Black "Llopis, Manuel"]
[Result "1-0"]
[WhiteElo "2515"]
[BlackElo "2280"]

1.d4 Nf6 2.c4 e6 3.Nc3 Bb4 4.Qc2 O-O 5.a3 Bxc3+ 6.Qxc3 b6 7.Bg5 h6 8.Bh4 Bb7
9.f3 Re8 10.e3 d5 11.Rc1 c6 12.Bd3 Nbd7 13.Ne2 Ne4 14.Bxd8 Nxc3 15.Bh4 Nxe2
16.Bxe2 Rac8 17.Kf2 f6 18.Rc3 Kf7 19.Rhc1 Nf8 20.g4 g5 21.Bg3 Ng6 22.cxd5 exd5
23.Bd3 Ne7 24.h4 Rcd8 25.a4 a6 26.Bc7 Rc8 27.Bxb6 gxh4 28.Rh1 Ng6 29.Rb3 Ra8
30.Bc5  1-0

[Event "Biel op"]
[Site "Biel"]
[Date "1994.??.??"]
[Round "6"]
[White "Kelecevic, Nedeljko"]
[Black "Eismont, Oleg"]
[Result "1-0"]
[WhiteElo "2460"]
[BlackElo "2440"]

1.d4 Nf6 2.c4 e6 3.Nc3 Bb4 4.Qc2 O-O 5.a3 Bxc3+ 6.Qxc3 b6 7.Bg5 Bb7 8.f3 c5
9.dxc5 bxc5 10.Nh3 h6 11.Bh4 a5 12.O-O-O Ra6 13.e3 d6 14.Be2 Nbd7 15.Rhg1 a4
16.g4 g5 17.Bg3 e5 18.Nf2 Qe7 19.Qc2 Rb8 20.h4 Nf8 21.hxg5 hxg5 22.Rd2 Bc6
23.f4 exf4 24.exf4 Ne4 25.Nxe4 Bxe4 26.Bd3 Bxd3 27.Qxd3 Rb3 28.Qe2 Re3 29.Qh2 Qe4
30.f5 Qxc4+ 31.Rc2 Qe4 32.Rd1 d5 33.Rh1 f6 34.Rxc5 Rxg3 35.Qh8+  1-0

[Event "Slovan op"]
[Site "Bratislava"]
[Date "1994.??.??"]
[Round "?"]
[White "Petran, Peter"]
[Black "Tibensky, Robert"]
[Result "1/2-1/2"]
[WhiteElo "2410"]
[BlackElo "2410"]

1.d4 Nf6 2.c4 e6 3.Nc3 Bb4 4.Qc2 O-O 5.a3 Bxc3+ 6.Qxc3 b6 7.Bg5 h6 8.Bh4 Bb7
9.f3 c5 10.e3 d6  1/2-1/2

[Event "Bucharest-A"]
[Site "Bucharest"]
[Date "1994.??.??"]
[Round "?"]
[White "Anapolsky, Sergey"]
[Black "Komarov, Dimitri"]
[Result "1/2-1/2"]
[WhiteElo "2445"]
[BlackElo "2535"]

1.d4 Nf6 2.c4 e6 3.Nc3 Bb4 4.Qc2 O-O 5.a3 Bxc3+ 6.Qxc3 b6 7.Bg5 h6 8.Bh4 Bb7
9.f3 c5 10.dxc5 bxc5  1/2-1/2

[Event "Budapest Statistika"]
[Site "Budapest"]
[Date "1994.??.??"]
[Round "1"]
[White "Nguyen Anh Dung"]
[Black "Csonkics, Tunde"]
[Result "1-0"]
[WhiteElo "2345"]
[BlackElo "2325"]

1.d4 Nf6 2.c4 e6 3.Nc3 Bb4 4.Qc2 O-O 5.a3 Bxc3+ 6.Qxc3 b6 7.Bg5 Bb7 8.e3 d6
9.f3 Nbd7 10.Bd3 c5 11.Ne2 h6 12.Bh4 d5 13.cxd5 cxd4 14.Qxd4 Bxd5 15.b4 e5
16.Qxd5 Nxd5 17.Bxd8 Rfxd8 18.e4 Nc7 19.Rc1 Nf6 20.Bc4 Rd7 21.Kf2 Rad8 22.Rc2 Kf8
23.Rhc1 Nfe8 24.Nc3 Nd6 25.Ba2 Ndb5 26.Nxb5 Nxb5 27.a4 Nd4 28.Rc7 Ke7 29.Rxd7+ Rxd7
30.Rc8 f6 31.Rg8 Kd6 32.Kg3 Ne2+ 33.Kg4 Nf4 34.g3 Ne6 35.Bxe6 Kxe6 36.Kh5 Kf7
37.Rb8 Rc7 38.a5  1-0

[Event "Budapest FS07 IM"]
[Site "Budapest"]
[Date "1994.??.??"]
[Round "2"]
[White "Leroy, Adrien"]
[Black "Eperjesi, Laszlo"]
[Result "0-1"]
[WhiteElo "2220"]
[BlackElo "2370"]

1.d4 Nf6 2.c4 e6 3.Nc3 Bb4 4.Qc2 O-O 5.a3 Bxc3+ 6.Qxc3 d6 7.g3 Nbd7 8.Nf3 b6
9.Bg2 Bb7 10.O-O Qe7 11.b4 a5 12.Bb2 Ne4 13.Qc2 f5 14.Nd2 Ndf6 15.Rfe1 Ng4
16.Rf1 Nxd2 17.Qxd2 Bxg2 18.Kxg2 axb4 19.axb4 Rxa1 20.Rxa1 f4 21.h3 Qg5 22.Bc1 Ne3+
23.Kg1 fxg3 24.f3 Qf5 25.Qc3 Nd1  0-1

[Event "Budapest FS09 IM-B"]
[Site "Budapest"]
[Date "1994.??.??"]
[Round "2"]
[White "Hoang Than Trang"]
[Black "Stummer, Anton"]
[Result "1-0"]
[WhiteElo "2285"]
[BlackElo "2300"]

1.d4 Nf6 2.c4 e6 3.Nc3 Bb4 4.Qc2 O-O 5.a3 Bxc3+ 6.Qxc3 b6 7.Bg5 Bb7 8.Nf3 d6
9.Nd2 Nbd7 10.f3 h6 11.Bh4 d5 12.e3 c5 13.cxd5 exd5 14.Bb5 Ne4 15.Bxd8 Nxc3
16.bxc3 Rfxd8 17.Kf2 Rac8 18.Rac1 Rc7 19.Nb3 Bc6 20.Bxc6 Rxc6 21.Rhd1 c4
22.Nd2 b5 23.e4 Nf6 24.Rb1 Rb6 25.Rb2 Rdb8 26.Rdb1 Kf8 27.e5 Nd7 28.Nf1 Ke7
29.Ne3 Ke6 30.f4 f5 31.g4 g6 32.gxf5+ gxf5 33.Rg1 Nf8 34.Rg3 Ra6 35.Rh3 Rxa3
36.Rxh6+ Kd7 37.Rd6+ Ke8 38.Nxd5 b4 39.Rxb4 Rxb4 40.cxb4 c3 41.Rc6 Ra2+ 42.Ke3 c2
43.Kd3 Ng6 44.Rxc2 Rxc2 45.Kxc2 Kf7 46.Kd3 Ke6 47.Kc4 a6 48.Kc5 Kd7 49.h3 Nf8
50.Nf6+ Kc7 51.d5  1-0

[Event "Budapest FS09 GM"]
[Site "Budapest"]
[Date "1994.??.??"]
[Round "2"]
[White "Varga, Peter"]
[Black "Lukacs, Peter"]
[Result "0-1"]
[WhiteElo "2405"]
[BlackElo "2490"]

1.d4 Nf6 2.c4 e6 3.Nc3 Bb4 4.Qc2 O-O 5.a3 Bxc3+ 6.Qxc3 b6 7.Nf3 Bb7 8.e3 d6
9.Be2 Nbd7 10.O-O Ne4 11.Qc2 f5 12.b4 Rf6 13.Ne1 Rh6 14.g3 Qg5 15.f4 Qg6
16.Bf3 Ndf6 17.Qg2 Ng4 18.h3 Qh5 19.Bxg4 fxg4 20.h4 b5 21.d5 Qf5 22.cxb5 Bxd5
23.Kh2 Rf8 24.Bb2 g5 25.Qc2 gxh4 26.Qxc7 hxg3+ 27.Kg1 Rh1+  0-1

[Event "Budapest FS03 IM-A"]
[Site "Budapest"]
[Date "1994.??.??"]
[Round "4"]
[White "Hoang Than Trang"]
[Black "Palkovi, Jozsef"]
[Result "1/2-1/2"]
[WhiteElo "2260"]
[BlackElo "2410"]

1.d4 Nf6 2.c4 e6 3.Nc3 Bb4 4.Qc2 O-O 5.a3 Bxc3+ 6.Qxc3 b6 7.Bg5 Bb7 8.Nf3 d6
9.e3 Nbd7 10.Be2 c5 11.dxc5 bxc5 12.O-O Ne4 13.Bxd8 Nxc3 14.bxc3 Rfxd8 15.Rfd1 Nb6
16.a4 Ba6 17.Nd2 d5 18.a5 Nxc4 19.Bxc4 Bxc4 20.Nxc4 dxc4 21.Rdc1 Rab8 22.Ra4 Rb5
23.a6 Rd6 24.g3 Kf8 25.Rca1 Ke7 26.R1a2 Rd3 27.Rxc4 Kd6 28.Kf1 Rb3 29.Rc2 Kd5
30.Rf4 f5 31.e4+ fxe4 32.c4+ Kc6 33.Rxe4 Rd6 34.Ra2 Kd7 35.Re5 Rc6 36.h4 Kd6
37.Rg5 Rc7 38.Rd2+ Kc6 39.Rc2 Kd6 40.Rd2+ Kc6 41.Rc2 Kd6 42.Rd2+  1/2-1/2

[Event "Budapest FS10 GM"]
[Site "Budapest"]
[Date "1994.??.??"]
[Round "4"]
[White "Varga, Peter"]
[Black "Sulskis, Sarunas"]
[Result "1/2-1/2"]
[WhiteElo "2405"]
[BlackElo "2455"]

1.d4 Nf6 2.c4 e6 3.Nc3 Bb4 4.Qc2 O-O 5.a3 Bxc3+ 6.Qxc3 b6 7.Nf3 Bb7 8.e3 d6
9.Be2 Nbd7 10.O-O Ne4 11.Qc2 f5 12.b4 Rf6 13.Bb2 Rh6 14.d5 e5 15.g3 Qe7 16.Nd2 Nxd2
17.Qxd2 Re8 18.Rae1 e4 19.f4 exf3 20.Rxf3 Rh5 21.Ref1 Bc8 22.Rf4 Rg5 23.Kf2 Nf6
24.Bxf6 gxf6 25.Qd4 Qe5 26.Rc1 Rg7 27.Rc3  1/2-1/2

[Event "Budapest FS07 GM"]
[Site "Budapest"]
[Date "1994.??.??"]
[Round "4"]
[White "Vosselman, Jan"]
[Black "Lukacs, Peter"]
[Result "1/2-1/2"]
[WhiteElo "2305"]
[BlackElo "2485"]

1.d4 Nf6 2.c4 e6 3.Nc3 Bb4 4.Qc2 O-O 5.a3 Bxc3+ 6.Qxc3 b6 7.f3 d5 8.Bg5 h6
9.Bh4 Bb7 10.e3 Nbd7 11.cxd5 exd5 12.Bb5 c6 13.Bd3 Re8 14.Bf5 c5 15.Bxd7 Qxd7
16.Bxf6 gxf6 17.Kf2 Rac8 18.Ne2 Ba6 19.Rac1  1/2-1/2

[Event "Budapest FS09 IM-B"]
[Site "Budapest"]
[Date "1994.??.??"]
[Round "4"]
[White "Kahn, Evarth"]
[Black "Stummer, Anton"]
[Result "0-1"]
[WhiteElo "2320"]
[BlackElo "2300"]

1.d4 Nf6 2.c4 e6 3.Nc3 Bb4 4.Qc2 O-O 5.Bg5 c5 6.dxc5 Na6 7.a3 Bxc3+ 8.Qxc3 Nxc5
9.Bxf6 Qxf6 10.Qxf6 gxf6 11.b4 Na4 12.e3 b6 13.Rd1 a5 14.Nf3 axb4 15.axb4 Nc3
16.Rc1 Na2 17.Rb1 Bb7 18.Kd2 Ra4 19.b5 d5 20.cxd5 Rd8 21.Kc2 Rc8+ 22.Kb2 Bxd5
23.Nd4 Nb4 24.Ra1 Rxa1 25.Kxa1 Nc2+ 26.Kb2 Nxd4 27.exd4 Ra8 28.Bd3 Ra2+ 29.Kc3 Rxf2
30.Ra1 Ra2 31.Rxa2 Bxa2 32.g3 h6 33.Be4 Kf8 34.Bd3 f5 35.Be2 Ke7 36.Bh5 Bd5
37.h4 Bg2 38.Be2 Kd6 39.Bh5 Bf1 40.Kb4 f6 41.Be8 e5 42.Kc3 f4 43.gxf4 exf4
44.Bc6 Be2 45.Be8 Bg4 46.Bc6 Be2 47.Be8 f5 48.Bc6 Bf1 49.Kd2 Bc4 50.Kc3 Bd5
51.Be8 Be4 52.Bf7 Bg2 53.Kd2 Bf1 54.Be8 Bc4 55.Bc6 Ke6 56.Kc3 Bd5 57.Be8 Ke7
58.Bh5 f3 59.Kd2 f4 60.Ke1 Be4 61.Kf2 Ke6 62.Bxf3 Kd5 63.Bh5 Kxd4 64.Be8 Ke5
65.Bd7 Bd5 66.Ke2 Kf6 67.Kf2 Ke7 68.Bf5 Be6 69.Be4 Kd6 70.Kf3 Ke5 71.Bc6 Bb3
72.Be8 Bd5+ 73.Kg4 Ke4 74.Bc6 h5+ 75.Kh3 Kd4 76.Kh2 Be6 77.Kg2 Ke3 78.Bf3 Bh3+  0-1

[Event "Budapest Spring op"]
[Site "Budapest"]
[Date "1994.??.??"]
[Round "4"]
[White "Horvath, Csaba"]
[Black "Kustar, Sandor"]
[Result "1/2-1/2"]
[WhiteElo "2535"]
[BlackElo "2360"]

1.d4 Nf6 2.c4 e6 3.Nc3 Bb4 4.Qc2 O-O 5.a3 Bxc3+ 6.Qxc3 b6 7.Bg5 Bb7 8.f3 d6
9.Nh3 Nbd7 10.e4 h6 11.Be3 c5 12.Be2 cxd4 13.Qxd4 Qc7 14.O-O Rfd8 15.b4 Rac8
16.Rac1 Ne5 17.Qb2 Ba6 18.Bd4 Ne8 19.c5 Bxe2 20.cxb6 Qb7 21.Qxe2 axb6 22.Qb5 Qd7
23.Rxc8 Rxc8 24.Qxb6 Nc4 25.Qa6 d5 26.exd5 exd5 27.Re1 Nc7 28.Re7 Qxe7 29.Qxc8+ Kh7
30.Qf5+ Kg8 31.Kh1 Nxa3 32.Qc8+ Kh7 33.Qf5+ Kg8 34.Qc8+  1/2-1/2

[Event "Budapest FS03 GM"]
[Site "Budapest"]
[Date "1994.??.??"]
[Round "5"]
[White "Dao Thien Hai"]
[Black "Anka, Emil"]
[Result "1/2-1/2"]
[WhiteElo "2495"]
[BlackElo "2390"]

1.d4 Nf6 2.c4 e6 3.Nc3 Bb4 4.Qc2 O-O 5.a3 Bxc3+ 6.Qxc3 b6 7.Bg5 Bb7 8.Nf3 d6
9.Nd2 Nbd7 10.f3 h6 11.Bh4 c5 12.e4 cxd4 13.Qxd4 Ne5 14.f4 Ng6 15.Bxf6 Qxf6
16.Qxf6 gxf6 17.g3 f5 18.Bg2 Ne7 19.O-O fxe4 20.Nxe4 Bxe4 21.Bxe4 Rac8 22.Bd3 d5
23.cxd5 Nxd5 24.Rac1 Ne3 25.Rxc8 Rxc8 26.Re1 Ng4 27.Re2 Rd8 28.Be4 Nf6 29.Bf3 Rc8
30.Kf2 Kf8 31.Rd2  1/2-1/2

[Event "Budapest FS04 IM-B"]
[Site "Budapest"]
[Date "1994.??.??"]
[Round "5"]
[White "Hoang Than Trang"]
[Black "Knezevic, Bojan"]
[Result "1-0"]
[WhiteElo "2260"]
[BlackElo "2385"]

1.d4 Nf6 2.c4 e6 3.Nc3 Bb4 4.Qc2 O-O 5.a3 Bxc3+ 6.Qxc3 b6 7.Bg5 c5 8.dxc5 bxc5
9.Nf3 d6 10.Rd1 Nbd7 11.Rxd6 Qc7 12.Rd1 Ne4 13.Qc2 Nxg5 14.Nxg5 Nf6 15.e3 Rb8
16.Bd3 h6 17.Nh7 Nxh7 18.Bxh7+ Kh8 19.Be4 Bb7 20.Rd2 Bxe4 21.Qxe4 Rfd8 22.Rc2 Qa5+
23.Ke2 Qa4 24.Rhc1 Rb3 25.Kf1 Rdb8 26.Qe5 Qc6 27.Rd1 f6 28.Rd6 Qa4 29.Qxe6 Rxe3
30.Qf5 Re5 31.Qd3 Rbe8 32.g3 Qa5 33.Rd2 Qc7 34.Qf3 Qf7 35.R2d5 Re1+ 36.Kg2 Rc1
37.Qg4 f5 38.Qxf5 Qxf5 39.Rxf5 Rxc4 40.Rf7 Rc2 41.b3 Rc3 42.Rdd7 Rxb3 43.Rxg7 Rxa3
44.Rh7+ Kg8 45.Rdg7+ Kf8 46.Rc7 Kg8 47.Rxh6 Ra2 48.Rg6+  1-0

[Event "Elekes mem"]
[Site "Budapest"]
[Date "1994.??.??"]
[Round "5"]
[White "Collas, Didier"]
[Black "Horvath, Csaba"]
[Result "1/2-1/2"]
[WhiteElo "2330"]
[BlackElo "2535"]

1.d4 Nf6 2.c4 e6 3.Nc3 Bb4 4.Qc2 O-O 5.Nf3 c5 6.dxc5 Na6 7.a3 Bxc3+ 8.Qxc3 Nxc5
9.b4 Nce4 10.Qd4 d6 11.Ng5 e5 12.Qb2 a5 13.Nxe4 Nxe4 14.e3 Be6 15.Bd3 Nf6
16.Bd2 axb4 17.Bxb4 Qc7 18.O-O Rfd8 19.Rfd1 Rac8 20.h3 Ne8 21.Rdc1 b6 22.a4 Qb8
23.a5 bxa5 24.Rxa5 Rd7 25.Rb5 Qa8 26.Ra1 Ra7 27.Rba5 Rxa5 28.Rxa5 Qb7 29.Rb5 Qd7
30.Qa3 Bxc4 31.Bxc4 Rxc4 32.Rb8 Rc8  1/2-1/2

[Event "Budapest Spring op"]
[Site "Budapest"]
[Date "1994.??.??"]
[Round "7"]
[White "Gladischev, Oleg"]
[Black "Anka, Emil"]
[Result "0-1"]
[WhiteElo "2240"]
[BlackElo "2390"]

1.d4 Nf6 2.c4 e6 3.Nc3 Bb4 4.Qc2 O-O 5.a3 Bxc3+ 6.Qxc3 b6 7.Bg5 Bb7 8.f3 h6
9.Bh4 d5 10.cxd5 exd5 11.e3 Re8 12.Be2 Nbd7 13.Nh3 g5 14.Bf2 c5 15.O-O Rc8
16.Rad1 a6 17.Bd3 cxd4 18.Qxd4 Ne5 19.Bf5 Rc4 20.Qd2 Bc8 21.e4 Bxf5 22.exf5 Qc8
23.f4 gxf4 24.Nxf4 Ne4 25.Qxd5 Nxf2 26.Rxf2 Ng4 27.Rf3 Rc1 28.Rff1 Rxd1 29.Qxd1 Qc5+
30.Kh1 Nf2+ 31.Rxf2 Qxf2 32.Qg4+ Kh7 33.h3 Re4 34.f6 Qf1+  0-1

[Event "Budapest Statistika"]
[Site "Budapest"]
[Date "1994.??.??"]
[Round "7"]
[White "Hoang Than Trang"]
[Black "Csonkics, Tunde"]
[Result "1/2-1/2"]
[WhiteElo "2260"]
[BlackElo "2325"]

1.d4 Nf6 2.c4 e6 3.Nc3 Bb4 4.Qc2 O-O 5.a3 Bxc3+ 6.Qxc3 b6 7.Nf3 Bb7 8.Bg5 c5
9.e3 cxd4 10.Qxd4 h6 11.Bxf6 Qxf6 12.Qxf6 gxf6 13.Bd3 d5  1/2-1/2

[Event "Budapest FS11 IM-A"]
[Site "Budapest"]
[Date "1994.??.??"]
[Round "8"]
[White "Csonkics, Tunde"]
[Black "Farago, Sandor"]
[Result "1/2-1/2"]
[WhiteElo "2320"]
[BlackElo "2360"]

1.d4 Nf6 2.c4 e6 3.Nc3 Bb4 4.Qc2 O-O 5.a3 Bxc3+ 6.Qxc3 b6 7.Bg5 Bb7 8.Nf3 h6
9.Bh4 d6 10.e3 Nbd7 11.Be2 c5  1/2-1/2

[Event "Budapest Statistika"]
[Site "Budapest"]
[Date "1994.??.??"]
[Round "8"]
[White "Varga, Peter"]
[Black "Csonkics, Tunde"]
[Result "1-0"]
[WhiteElo "2330"]
[BlackElo "2325"]

1.d4 Nf6 2.c4 e6 3.Nc3 Bb4 4.Qc2 O-O 5.a3 Bxc3+ 6.Qxc3 b6 7.Nf3 Bb7 8.e3 d6
9.Be2 Nbd7 10.O-O Ne4 11.Qc2 f5 12.b4 Ndf6 13.d5 e5 14.Ne1 Bc8 15.f3 Ng5
16.Nd3 Qe8 17.Bb2 Bd7 18.Nf2 Qg6 19.Qd1 Rae8 20.a4 f4 21.Bd3 e4 22.Nxe4 Nfxe4
23.Bxe4 Rxe4 24.fxe4 f3 25.gxf3 Nxe4+ 26.Kh1 Bh3 27.Qe2 Bxf1 28.Rxf1 Qf5
29.Rg1 Qxf3+ 30.Qxf3 Rxf3 31.Rxg7+ Kf8 32.Bd4 Rf2 33.Rg4 Nd2 34.Kg1 Re2 35.Rf4+ Ke7
36.c5  1-0